| 000 | 00000nam##2200000za#4500 |
| 001 | 9.574294 |
| 003 | CaOODSP |
| 005 | 20210624184119 |
| 007 | cr ||||||||||| |
| 008 | 150406|2007||||xxc|||||o f|0| 0 eng|d |
| 022 | |a1488-5379 |
| 040 | |aCaOODSP|beng |
| 043 | |an-cn--- |
| 086 | 1 |aFs97-6/2737E-PDF |
| 110 | 1 |aCanada. |bDepartment of Fisheries and Oceans. |
| 245 | 10|aEstimating the 1995 Fraser River sockeye salmon (Oncorhynchus nerka) escapement / |h[electronic resource]|cby N. D. Schubert. |
| 260 | |aBurnaby - British Columbia : |bFisheries and Oceans Canada |c2007. |
| 300 | |a93p.|bgraphs, maps, references, tables |
| 490 | 1 |aCanadian technical report of fisheries and aquatic sciences|x1488-5379|v2737 |
| 500 | |aThe catalogue number (Fs97-6/2737E) and ISSN (0706-6457) for the print edition have been incorrectly copied in this electronic publication. |
| 546 | |a(Résumé en français) |
| 590 | |a12-29-Supp|b2012-06-25 |
| 720 | 1 |aSchubert, N. D. |
| 776 | 0#|tEstimating the 1995 Fraser River Sockeye Salmon (Oncorhynchus nerka) escapement / |w(CaOODSP)9.618617 |
| 830 | #0|aCanadian technical report of fisheries and aquatic sciences,|x1488-5379|v2737|w(CaOODSP)9.504449 |
| 856 | 40|ahttp://publications.gc.ca|qPDF|s2.15 MB|uhttps://publications.gc.ca/collections/collection_2012/mpo-dfo/Fs97-6-2737-eng.pdf|y2737 |